000
00217nam a2200097Ia 4500
005
20251222114417.0
008
251222s1900||||xx |||||||||||||| ||spa||
082
_a
DVD0070/S82/1987
245
0
_a
Wall street:
942
_c
DVD
999
_c
2254
_d
2254